000 01009nam a2200325Ia 4500
001 Para_7440
003 CHAP
008 220125s1940 xx 000 0 und d
010 _a206328
040 _cCHAP
082 _aPA-C 632 B85
100 _aKnowlton, George F.
_963559
245 _aControl of stawberry root-infesting weevils /
_c by George F. Knowlton and Ray I. James
260 _aLogan, Utah :
_b Utah Agricultural Experiment Station
300 _app. 23-29
500 _aEnc. con otros impresos similares
650 _aBrachyrhinus ovatus
_9172636
650 _aBrachyrhinus rugosostriatus
_9172637
650 _aBrachyrhinus sulcatus
_9172638
650 _aFitopatología
_x colecciones de escritos
_9172523
650 _aFresa
_x Plagas
_943226
700 _aJames, Ray L.
_9172639
901 _aPA-C 632 B85
902 _aA
905 _a0000001940 0000000000 00
910 _a1940
942 _cPARA
942 _cPARA
_d1
999 _c206328
_d206328